[Event "Titled Tuesday intern op 23rd Apr Late"]
[Site "Chess.com INT"]
[Date "2024.04.23"]
[Round "1"]
[White "Kalinin, Dmitry2"]
[Black "Karacsonyi, Gellert"]
[Result "0-1"]
[WhiteElo "1997"]
[BlackElo "2387"]
[PlyCount "174"]
[EventDate "2024.04.23"]
[EventType "swiss (blitz)"]
[EventRounds "11"]
[EventCountry "USA"]
[SourceTitle "CB18_2024"]
[SourceDate "2024.05.01"]
[SourceVersion "1"]
[SourceVersionDate "2024.05.01"]
[SourceQuality "2"]

1. d4 f5 2. g3 Nf6 3. Bg2 g6 4. c4 Bg7 5. Nc3 0-0 6. Nf3 e6 7. 0-0 d6 8. Qc2 Nc6 9. d5 Ne5 10. Nd2 c6 11. h3 Nf7 12. dxc6 bxc6 13. Bxc6 Rb8 14. Bg2 Bb7 15. b3 Bxg2 16. Kxg2 g5 17. Bb2 g4 18. h4 f4 19. Nce4 e5 20. Nxf6+ Bxf6 21. Qe4 Nh6 22. Rfd1 Qe7 23. Nf1 Kg7 24. Rd3 Rbd8 25. Rad1 Nf7 26. Qf5 Kh8 27. Qxg4 Rg8 28. Qh5 Bxh4 29. Nd2 Bf6 30. Rh1 Rg7 31. Ne4 Rdg8 32. Ba3 Qb7 33. Rd5 Be7 34. Qf5 Qa6 35. Bb4 Qxa2 36. Bxd6 Bxd6 37. Nxd6 Qxe2 38. Nxf7+ Rxf7 39. Qxe5+ Qxe5 40. Rxe5 f3+ 41. Kh2 Rb8 42. Re3 Rb6 43. Ra1 Kg7 44. Ra4 Rh6+ 45. Kg1 Rd6 46. c5 Rd1+ 47. Kh2 Rf1 48. Rf4 Rxf2+ 49. Kh3 Rf1 50. Kg4 f2 51. Rxf7+ Kxf7 52. Kf3 Rc1 53. Kxf2 Rxc5 54. Rf3+ Kg7 55. Rd3 Rc7 56. Ke3 Re7+ 57. Kf3 Rb7 58. Rc3 Kf6 59. Rc6+ Ke5 60. Rc3 Kd4 61. Re3 Rf7+ 62. Ke2 Rc7 63. Kf3 Rb7 64. Ke2 a5 65. Rd3+ Ke4 66. Re3+ Kf5 67. Kf3 Kg5 68. Rc3 Kf6 69. Rc6+ Kf7 70. Rc3 Ke6 71. Re3+ Kd5 72. Rd3+ Kc5 73. Ke3 Kb4 74. Kf3 Ka3 75. Rd5 Rxb3+ 76. Kg4 a4 77. Kg5 Rxg3+ 78. Kh6 Rh3+ 79. Kg7 Kb3 80. Kf6 a3 81. Rb5+ Kc2 82. Rc5+ Rc3 83. Ra5 Kb2 84. Rb5+ Rb3 85. Rh5 a2 86. Rh2+ Ka3 87. Rxh7 a1Q+ 0-1

[Event "Titled Tuesday intern op 23rd Apr Late"]
[Site "Chess.com INT"]
[Date "2024.04.23"]
[Round "2"]
[White "Karacsonyi, Gellert"]
[Black "Chan, Naruna"]
[Result "1-0"]
[WhiteElo "2387"]
[BlackElo "1977"]
[PlyCount "93"]
[EventDate "2024.04.23"]
[EventType "swiss (blitz)"]
[EventRounds "11"]
[EventCountry "USA"]
[SourceTitle "CB18_2024"]
[SourceDate "2024.05.01"]
[SourceVersion "1"]
[SourceVersionDate "2024.05.01"]
[SourceQuality "2"]

1. e4 c5 2. Nf3 Nc6 3. d4 cxd4 4. Nxd4 e5 5. Nb5 d6 6. c4 Be7 7. Be3 a6 8. N5c3 Nf6 9. Nd5 0-0 10. Nbc3 Nxd5 11. Nxd5 b5 12. Bb6 Qd7 13. cxb5 Nd4 14. Bxd4 exd4 15. Nb6 Qb7 16. Nxa8 Qxa8 17. Bd3 axb5 18. 0-0 Bf6 19. Qb3 Bb7 20. Qxb5 Bxe4 21. Bxe4 Qxe4 22. Rfe1 Qc2 23. Rac1 Qd2 24. Qe2 Qa5 25. a3 h6 26. Qd3 Rb8 27. b4 Qa4 28. Qh3 Qa6 29. Qd7 d3 30. Re8+ Rxe8 31. Qxe8+ Kh7 32. Qe4+ g6 33. Rd1 d2 34. Rxd2 Qxa3 35. Qd5 Qxb4 36. Qxf7+ Bg7 37. Qd5 Be5 38. g3 h5 39. Rd1 Qb6 40. Rc1 Bd4 41. Kg2 Bc5 42. Qf7+ Kh6 43. Qf8+ Kh7 44. Re1 d5 45. Qf7+ Kh6 46. Re8 Kg5 47. h4+ 1-0

[Event "Titled Tuesday intern op 16th Apr Late"]
[Site "Chess.com INT"]
[Date "2024.04.16"]
[Round "3"]
[White "Tan, Ralph"]
[Black "Karacsonyi, Gellert"]
[Result "0-1"]
[WhiteElo "2004"]
[BlackElo "2387"]
[PlyCount "100"]
[EventDate "2024.04.16"]
[EventType "swiss (blitz)"]
[EventRounds "11"]
[EventCountry "USA"]
[SourceTitle "CB17_2024"]
[SourceDate "2024.04.24"]
[SourceVersion "1"]
[SourceVersionDate "2024.04.24"]
[SourceQuality "1"]

1. e4 c5 2. Nf3 Nc6 3. d4 cxd4 4. Nxd4 g6 5. c4 Nf6 6. Nc3 d6 7. Be2 Nxd4 8. Qxd4 Bg7 9. 0-0 0-0 10. Be3 Ng4 11. Qd2 Nxe3 12. Qxe3 Qb6 13. Nd5 Qxe3 14. Nxe7+ Kh8 15. fxe3 Bxb2 16. Rad1 Be5 17. c5 dxc5 18. Bc4 Be6 19. Bd5 Rae8 20. Bxe6 Rxe7 21. Bd5 b5 22. g3 c4 23. Rb1 a6 24. Rfc1 c3 25. Kf2 Rc7 26. Ke2 f6 27. Kd3 Kg7 28. a4 Rb8 29. Rb3 b4 30. a5 Rc5 31. Ra1 Rbb5 32. Kc2 Rxa5 33. Rxa5 Rxa5 34. Rxb4 Ra1 35. Rb7+ Kh6 36. Bg8 Re1 37. h4 Kh5 38. Be6 Re2+ 39. Kc1 h6 40. Rh7 Bxg3 41. Ra7 Rxe3 42. Rxa6 Kxh4 43. Kc2 Be5 44. Bf7 Re2+ 45. Kc1 Bf4+ 46. Kd1 Rd2+ 47. Ke1 c2 48. Rc6 Rh2 49. Bxg6 c1Q+ 50. Rxc1 Bxc1 0-1

[Event "HUN-chT 2324"]
[Site "Hungary"]
[Date "2024.03.03"]
[Round "5.5"]
[White "Csiki, Endre"]
[Black "Karacsonyi, Gellert"]
[Result "1/2-1/2"]
[WhiteElo "2387"]
[BlackElo "2375"]
[PlyCount "61"]
[EventDate "2023.10.28"]
[EventType "team-tourn"]
[EventRounds "9"]
[EventCountry "HUN"]
[SourceTitle "CB16_2024"]
[SourceDate "2024.04.17"]
[SourceVersion "1"]
[SourceVersionDate "2024.04.17"]
[SourceQuality "1"]
[WhiteTeam "Dunaharaszti"]
[BlackTeam "Kobanya Aquarena"]
[WhiteTeamCountry "HUN"]
[BlackTeamCountry "HUN"]

1. d4 d5 2. Bf4 Nf6 3. e3 c5 4. Nf3 e6 5. Nbd2 Bd6 6. dxc5 Bxc5 7. Bd3 0-0 8. 0-0 b6 9. Qe2 Bb7 10. e4 Nh5 11. Bg5 f6 12. Be3 Qd6 13. exd5 exd5 14. Nd4 g6 15. N2b3 Nd7 16. Qg4 Ng7 17. Nb5 Qe7 18. Rfe1 Ne5 19. Qg3 a6 20. N5d4 Qf7 21. Be2 Bc8 22. f4 Nc4 23. Bxc4 dxc4 24. Nxc5 bxc5 25. Nf3 Nf5 26. Qf2 Nxe3 27. Qxe3 Bb7 28. Qxc5 Bxf3 29. gxf3 Rac8 30. Qe7 c3 31. b3 1/2-1/2

[Event "Mitropa Cup"]
[Site "Apolda"]
[Date "2024.02.15"]
[Round "1.8"]
[White "Karacsonyi, Gellert"]
[Black "Bochnicka, Vladimir1"]
[Result "1/2-1/2"]
[WhiteElo "2389"]
[BlackElo "2405"]
[PlyCount "61"]
[EventDate "2024.02.15"]
[EventType "team-tourn"]
[EventRounds "9"]
[EventCountry "GER"]
[SourceTitle "CB09_2024"]
[SourceDate "2024.02.28"]
[SourceVersion "1"]
[SourceVersionDate "2024.02.28"]
[SourceQuality "1"]
[WhiteTeam "Hungary"]
[BlackTeam "Slovakia"]
[WhiteTeamCountry "HUN"]
[BlackTeamCountry "SVK"]

1. e4 c5 2. Nf3 Nc6 3. Bb5 e6 4. 0-0 Nge7 5. d4 cxd4 6. Nxd4 Ng6 7. Be3 Be7 8. c3 0-0 9. Nd2 a6 10. Be2 b5 11. Nxc6 dxc6 12. a4 Rb8 13. g3 Qc7 14. axb5 cxb5 15. Nb3 Bb7 16. f3 Ne5 17. Na5 Rfd8 18. Qc1 Ba8 19. Bd4 Nd7 20. Nb3 Bb7 21. Rd1 e5 22. Ba7 Ra8 23. Bf2 Nc5 24. Qc2 Nxb3 25. Qxb3 Bc5 26. Rxd8+ Rxd8 27. Rd1 Bxf2+ 28. Kxf2 h6 29. Ke1 Bc8 30. Rxd8+ Qxd8 31. Qd1 1/2-1/2

[Event "Nova Gorica op 28th"]
[Site "Nova Gorica"]
[Date "2024.01.31"]
[Round "7"]
[White "Basso, Pier Luigi"]
[Black "Karacsonyi, Gellert"]
[Result "1-0"]
[WhiteElo "2482"]
[BlackElo "2398"]
[PlyCount "119"]
[EventDate "2024.01.26"]
[EventType "swiss"]
[EventRounds "9"]
[EventCountry "SLO"]
[SourceTitle "CB06_2024"]
[SourceDate "2024.02.07"]
[SourceVersion "1"]
[SourceVersionDate "2024.02.07"]
[SourceQuality "1"]

1. d4 d5 2. c4 e6 3. Nf3 Nf6 4. Nc3 a6 5. cxd5 exd5 6. Bg5 Be6 7. e3 Nbd7 8. Bd3 c6 9. Qb3 Qc8 10. 0-0 Bd6 11. Bf4 Bxf4 12. exf4 Ne4 13. Qc2 f5 14. Ng5 Nxg5 15. fxg5 0-0 16. Rfe1 Nb6 17. Ne2 Bd7 18. Nf4 Qc7 19. Re5 Rae8 20. Nxd5 Nxd5 21. Rxd5 g6 22. Qc3 Be6 23. Re5 Bf7 24. Rae1 Qd7 25. Bc4 Rxe5 26. dxe5 Bxc4 27. Qxc4+ Qd5 28. Qxd5+ cxd5 29. e6 Re8 30. f4 Re7 31. Kf2 Kf8 32. Re5 Rc7 33. Rxd5 Rc2+ 34. Kf3 Rxb2 35. Rd7 Rxa2 36. Rxb7 Ra3+ 37. Kf2 Ra2+ 38. Ke3 Ra4 39. Rxh7 Re4+ 40. Kf3 Rxe6 41. Ra7 Rb6 42. h3 Rb3+ 43. Kf2 Rb2+ 44. Kg3 Rb3+ 45. Kh4 Ra3 46. g4 Ra4 47. Kg3 Ra3+ 48. Kf2 fxg4 49. hxg4 Kg8 50. Rc7 Kf8 51. Rd7 Kg8 52. Re7 Kf8 53. Re3 Ra5 54. Kf3 Kf7 55. Rc3 Ra1 56. Rc7+ Kf8 57. f5 Rf1+ 58. Ke4 Re1+ 59. Kf4 a5 60. Ra7 1-0

[Event "Nova Gorica op 28th"]
[Site "Nova Gorica"]
[Date "2024.01.30"]
[Round "6"]
[White "Karacsonyi, Gellert"]
[Black "Ceschia, Ivano"]
[Result "1-0"]
[WhiteElo "2398"]
[BlackElo "2183"]
[PlyCount "77"]
[EventDate "2024.01.26"]
[EventType "swiss"]
[EventRounds "9"]
[EventCountry "SLO"]
[SourceTitle "CB06_2024"]
[SourceDate "2024.02.07"]
[SourceVersion "1"]
[SourceVersionDate "2024.02.07"]
[SourceQuality "1"]

1. e4 c5 2. Nf3 Nc6 3. d4 cxd4 4. Nxd4 Qb6 5. Nb3 Nf6 6. Nc3 e6 7. Qe2 Be7 8. Be3 Qc7 9. 0-0-0 d5 10. exd5 Nxd5 11. Nxd5 exd5 12. g4 0-0 13. Bg2 Re8 14. Kb1 Bf6 15. Bxd5 Nb4 16. Bf3 Be6 17. a3 Qe5 18. Nd4 Nd5 19. g5 Bxg5 20. Bxg5 Qxg5 21. Nxe6 fxe6 22. Bxd5 exd5 23. Qb5 Red8 24. Qxb7 Qf6 25. b3 d4 26. Rhg1 g6 27. Rge1 Rab8 28. Qxa7 Qf3 29. Qa4 Qxf2 30. Qc4+ Kg7 31. Rf1 Qh4 32. Qc7+ Kg8 33. Rf4 Qh3 34. Qf7+ Kh8 35. Qf6+ Kg8 36. Rd3 Qg2 37. Qf7+ Kh8 38. Rh4 h5 39. Rg3 1-0

[Event "Nova Gorica op 28th"]
[Site "Nova Gorica"]
[Date "2024.01.29"]
[Round "5"]
[White "Zupancic, Jernej"]
[Black "Karacsonyi, Gellert"]
[Result "0-1"]
[WhiteElo "2211"]
[BlackElo "2398"]
[PlyCount "204"]
[EventDate "2024.01.26"]
[EventType "swiss"]
[EventRounds "9"]
[EventCountry "SLO"]
[SourceTitle "CB06_2024"]
[SourceDate "2024.02.07"]
[SourceVersion "1"]
[SourceVersionDate "2024.02.07"]
[SourceQuality "1"]

1. d4 d5 2. c4 e6 3. Nf3 Nf6 4. e3 b6 5. Nbd2 Bd6 6. b3 0-0 7. Bd3 Bb7 8. 0-0 Nbd7 9. Bb2 Ne4 10. Qe2 a6 11. Rfd1 f5 12. cxd5 exd5 13. Ne5 Ndf6 14. Nf1 g6 15. f3 Ng5 16. Rac1 Qe7 17. Nc6 Qg7 18. Re1 Qh6 19. a3 Rfe8 20. Qc2 Re6 21. Ne5 Nf7 22. b4 Rc8 23. Qe2 Ra8 24. Qc2 Ne8 25. e4 fxe4 26. fxe4 Nxe5 27. dxe5 Bxe5 28. exd5 Bxb2 29. dxe6 Bxc1 30. Rxc1 Qg5 31. Be4 Bxe4 32. Qxe4 Rd8 33. e7 Rd6 34. Re1 Qd5 35. Qe2 Qd3 36. Qa2+ Qd5 37. Qe2 Qd3 38. Qa2+ Kg7 39. Ng3 Qd2 40. Qb1 Qd3 41. Qa2 Qd4+ 42. Kh1 Rf6 43. Qe2 Qf2 44. Qe5 Qf4 45. Qe2 Qf2 46. Qe5 Qf4 47. Qe2 b5 48. Qb2 Kf7 49. Qe2 Qc4 50. Qd2 Re6 51. Rc1 Qh4 52. Qf2+ Qf6 53. Qa7 Qxe7 54. Rf1+ Nf6 55. Qf2 Kg7 56. h3 Qd6 57. Rc1 h5 58. Ne2 Ne4 59. Qd4+ Kh7 60. Qxd6 cxd6 61. Kg1 d5 62. Nd4 Rf6 63. Rc7+ Kh6 64. h4 g5 65. hxg5+ Kxg5 66. Rd7 Rd6 67. Rf7 Kg6 68. Rf5 Ng5 69. Re5 Nf7 70. Rf5 Nh6 71. Re5 Ng4 72. Re8 Nf6 73. Re5 Ne4 74. Nf3 Nf6 75. Nd4 Ng4 76. Re8 Rf6 77. Nf3 Rc6 78. Kf1 Rc1+ 79. Ke2 Rc2+ 80. Kd3 Rxg2 81. Re6+ Kf5 82. Rxa6 Rg3 83. Ke2 Rg2+ 84. Kd3 Ne5+ 85. Nxe5 Kxe5 86. a4 bxa4 87. Rxa4 Rg4 88. Kc3 Rg3+ 89. Kc2 Kd4 90. Ra8 Kc4 91. Rh8 Rg2+ 92. Kd1 Rg5 93. Rb8 d4 94. Ke1 Rb5 95. Rc8+ Kxb4 96. Kd2 Rc5 97. Ra8 Kc4 98. Rd8 Rg5 99. Rc8+ Kd5 100. Rh8 Ke4 101. Re8+ Kf3 102. Kd3 Rg4 0-1

[Event "Titled Tuesday intern op 24th Oct Late"]
[Site "Chess.com INT"]
[Date "2023.10.24"]
[Round "2"]
[White "Karacsonyi, Gellert"]
[Black "Senft, Sean"]
[Result "1-0"]
[WhiteElo "2375"]
[BlackElo "2107"]
[PlyCount "21"]
[EventDate "2023.10.24"]
[EventType "swiss (blitz)"]
[EventRounds "11"]
[EventCountry "USA"]
[SourceTitle "Mega2024 Update 01"]
[Source "Chessbase"]
[SourceDate "2023.11.12"]
[SourceVersion "1"]
[SourceVersionDate "2023.11.12"]
[SourceQuality "1"]

1. e4 c5 2. Nf3 d6 3. d4 cxd4 4. Nxd4 Nf6 5. Nc3 a6 6. Bc4 e6 7. 0-0 Be7 8. Bb3 0-0 9. f4 Nc6 10. Nxc6 b6 11. Nxd8 1-0

[Event "Titled Tuesday intern op 24th Oct Late"]
[Site "Chess.com INT"]
[Date "2023.10.24"]
[Round "1"]
[White "Yang, Kevin S"]
[Black "Karacsonyi, Gellert"]
[Result "1-0"]
[WhiteElo "2096"]
[BlackElo "2375"]
[PlyCount "137"]
[EventDate "2023.10.24"]
[EventType "swiss (blitz)"]
[EventRounds "11"]
[EventCountry "USA"]
[SourceTitle "Mega2024 Update 01"]
[Source "Chessbase"]
[SourceDate "2023.11.12"]
[SourceVersion "1"]
[SourceVersionDate "2023.11.12"]
[SourceQuality "1"]

1. d4 Nf6 2. Bf4 d5 3. e3 c5 4. c3 Nc6 5. Nf3 Qb6 6. Qb3 c4 7. Qxb6 axb6 8. a3 Bf5 9. Nbd2 b5 10. Rc1 e6 11. Nh4 h6 12. Nxf5 exf5 13. h4 Be7 14. Be2 0-0 15. Bf3 Ne4 16. Ke2 g5 17. hxg5 hxg5 18. Bh2 g4 19. Bxe4 fxe4 20. f3 f5 21. fxg4 fxg4 22. Bf4 Rf7 23. Rh5 Rd8 24. Rch1 Bf6 25. Nf1 Ne7 26. Ng3 Rdf8 27. Nf5 Nxf5 28. Rxf5 Rd8 29. Rhh5 b4 30. cxb4 Rc8 31. Kd2 c3+ 32. bxc3 Ra8 33. Kc2 Rxa3 34. Kb2 Ra8 35. Rxd5 b6 36. Rd6 Bd8 37. Rg6+ Rg7 38. Rhh6 Raa7 39. Be5 Rxg6 40. Rxg6+ Kh7 41. Rxg4 Rf7 42. g3 Rf2+ 43. Kb3 b5 44. Rxe4 Rf1 45. Bf4 Rb1+ 46. Kc2 Ra1 47. Re5 Kg6 48. Rxb5 Kf7 49. c4 Ra3 50. Rb7+ Ke6 51. b5 Ba5 52. Kb2 Rd3 53. c5 Kd5 54. c6 Rd2+ 55. Kb3 Rd3+ 56. Ka4 Bd8 57. c7 Be7 58. Ka5 Ra3+ 59. Kb6 Bb4 60. Rb8 Ba5+ 61. Kb7 Bxc7 62. Bxc7 Rb3 63. b6 Ke6 64. Rd8 Ke7 65. Kc8 Rb1 66. d5 Rc1 67. d6+ Ke6 68. b7 Rh1 69. b8Q 1-0

[Event "Budapest FS10 GM"]
[Site "Budapest"]
[Date "2023.10.13"]
[Round "6"]
[White "Dubnevych, Maksym"]
[Black "Karacsonyi, Gellert"]
[Result "1/2-1/2"]
[WhiteElo "2391"]
[BlackElo "2375"]
[PlyCount "61"]
[EventDate "2023.10.07"]
[EventType "tourn"]
[EventRounds "9"]
[EventCountry "HUN"]
[EventCategory "6"]
[SourceTitle "Mega2024 Update 01"]
[Source "Chessbase"]
[SourceDate "2023.11.12"]
[SourceVersion "1"]
[SourceVersionDate "2023.11.12"]
[SourceQuality "1"]

1. d4 Nf6 2. c4 e6 3. Nf3 d5 4. Nc3 a6 5. cxd5 exd5 6. Bg5 Be6 7. e3 Nbd7 8. Bd3 Bd6 9. 0-0 c6 10. h3 Qc7 11. Qd2 0-0 12. Rac1 Nh5 13. e4 dxe4 14. Bxe4 Bf4 15. Bxf4 Qxf4 16. d5 cxd5 17. Bxd5 Qxd2 18. Nxd2 Nc5 19. Bxe6 Nxe6 20. Nb3 Rfd8 21. g3 Nf6 22. Rfd1 Rxd1+ 23. Rxd1 Rd8 24. Rxd8+ Nxd8 25. Kg2 Kf8 26. Kf3 Ke7 27. Ke3 h5 28. h4 g6 29. f3 Kd6 30. Ne4+ Nxe4 31. Kxe4 1/2-1/2

[Event "Budapest FS10 GM"]
[Site "Budapest"]
[Date "2023.10.10"]
[Round "4"]
[White "Kovalev, Andrei"]
[Black "Karacsonyi, Gellert"]
[Result "1-0"]
[WhiteElo "2435"]
[BlackElo "2375"]
[PlyCount "87"]
[EventDate "2023.10.07"]
[EventType "tourn"]
[EventRounds "9"]
[EventCountry "HUN"]
[EventCategory "6"]
[SourceTitle "Mega2024 Update 01"]
[Source "Chessbase"]
[SourceDate "2023.11.12"]
[SourceVersion "1"]
[SourceVersionDate "2023.11.12"]
[SourceQuality "1"]

1. e4 e5 2. Nf3 Nf6 3. Nxe5 d6 4. Nf3 Nxe4 5. d3 Nf6 6. d4 g6 7. Nc3 Bg7 8. Qe2+ Qe7 9. Qxe7+ Kxe7 10. Bg5 c6 11. 0-0-0 d5 12. Re1+ Be6 13. Ne2 h6 14. Bxf6+ Kxf6 15. Nf4 Re8 16. Ne5 h5 17. Nxe6 Rxe6 18. g3 Re7 19. Bh3 Bf8 20. f4 Na6 21. Rhf1 Rd8 22. f5 Bh6+ 23. Kd1 gxf5 24. Rxf5+ Kg7 25. Ref1 Rf8 26. Rxh5 Be3 27. Ng4 f6 28. Re1 Rfe8 29. Rxe3 Rxe3 30. Nxe3 Rxe3 31. Bf5 Kg8 32. Rh6 Rf3 33. g4 Rf4 34. c3 Rf2 35. Kc1 c5 36. Rxf6 Rxh2 37. Be6+ Kg7 38. Rf7+ Kg6 39. Rxb7 cxd4 40. cxd4 Kg5 41. Bxd5 Kxg4 42. Bc4 Rh6 43. Kc2 Kf4 44. Kc3 1-0

[Event "Titled Tuesday intern op 05th Sep Early"]
[Site "Chess.com INT"]
[Date "2023.09.05"]
[Round "1"]
[White "Karacsonyi, Gellert"]
[Black "Flynn, Jacob"]
[Result "1-0"]
[WhiteElo "2376"]
[BlackElo "2154"]
[PlyCount "57"]
[EventDate "2023.09.05"]
[EventType "swiss (blitz)"]
[EventRounds "11"]
[EventCountry "USA"]
[SourceTitle "EXT 2024"]
[Source "ChessBase"]
[SourceDate "2023.10.10"]
[SourceVersion "1"]
[SourceVersionDate "2023.10.10"]
[SourceQuality "1"]

1. e4 e5 2. Nf3 Nc6 3. Bb5 a6 4. Bxc6 dxc6 5. 0-0 Bd6 6. d4 exd4 7. Qxd4 f6 8. Be3 Ne7 9. Nbd2 Be6 10. Rfd1 Qd7 11. Nc4 Bxc4 12. Qxc4 0-0-0 13. b4 Rhe8 14. a4 Ng6 15. b5 Qe6 16. Qf1 Qxe4 17. bxa6 bxa6 18. Qxa6+ Kd7 19. Bc5 Re6 20. Nd4 Re5 21. Bxd6 cxd6 22. Qb7+ Ke8 23. Nxc6 Nf4 24. Nxd8 d5 25. Qxg7 Nh3+ 26. gxh3 Kxd8 27. Qxf6+ Kd7 28. Re1 Qd4 29. Qxe5 1-0

[Event "Titled Tuesday intern op 29th Aug Late"]
[Site "Chess.com INT"]
[Date "2023.08.29"]
[Round "1"]
[White "Hernando Rodrigo, Julio Antonio"]
[Black "Karacsonyi, Gellert"]
[Result "0-1"]
[WhiteElo "2238"]
[BlackElo "2391"]
[PlyCount "46"]
[EventDate "2023.08.29"]
[EventType "swiss (blitz)"]
[EventRounds "11"]
[EventCountry "USA"]
[SourceTitle "EXT 2024"]
[Source "ChessBase"]
[SourceDate "2023.10.10"]
[SourceVersion "1"]
[SourceVersionDate "2023.10.10"]
[SourceQuality "1"]

1. d4 Nf6 2. c4 e6 3. Nf3 d5 4. g3 dxc4 5. Bg2 Bd7 6. Nbd2 Bb4 7. 0-0 Bb5 8. Ne5 Nc6 9. Bxc6+ Bxc6 10. Nxc6 bxc6 11. Nxc4 0-0 12. Qa4 Be7 13. Rd1 Qd5 14. Ne5 c5 15. Nc6 Bd6 16. dxc5 Qxc5 17. Be3 Qh5 18. f3 Nd5 19. Bf2 f5 20. e4 fxe4 21. fxe4 Rxf2 22. Kxf2 Qxh2+ 23. Ke1 Bxg3+ 0-1

[Event "Titled Tuesday intern op 29th Aug Late"]
[Site "Chess.com INT"]
[Date "2023.08.29"]
[Round "3"]
[White "Karacsonyi, Gellert"]
[Black "Rizzo, Tobias"]
[Result "1-0"]
[WhiteElo "2391"]
[BlackElo "1925"]
[PlyCount "85"]
[EventDate "2023.08.29"]
[EventType "swiss (blitz)"]
[EventRounds "11"]
[EventCountry "USA"]
[SourceTitle "EXT 2024"]
[Source "ChessBase"]
[SourceDate "2023.10.10"]
[SourceVersion "1"]
[SourceVersionDate "2023.10.10"]
[SourceQuality "1"]

1. e4 c5 2. Nf3 e6 3. d4 cxd4 4. Nxd4 Nf6 5. Nc3 Nc6 6. Ndb5 Bb4 7. a3 Bxc3+ 8. Nxc3 d5 9. exd5 exd5 10. Bd3 0-0 11. 0-0 d4 12. Ne2 Bg4 13. Bg5 Qd6 14. Qd2 Rfe8 15. Ng3 h6 16. Bxf6 Qxf6 17. Rae1 Ne5 18. Ne4 Qb6 19. b3 Rac8 20. Qf4 Nxd3 21. cxd3 Be6 22. Nd6 Qxb3 23. Nxe8 Rxe8 24. Qxd4 Qxa3 25. Ra1 Qe7 26. Rxa7 Rd8 27. Qe4 Qd6 28. Qxb7 Bd5 29. Qe7 Qb6 30. Rd7 Rxd7 31. Qxd7 Qc5 32. h3 Kh7 33. Qf5+ Kg8 34. Re1 Qc6 35. Qe5 Be6 36. Qe4 Qd6 37. Ra1 g6 38. d4 Bd5 39. Qe5 Qc6 40. Rb1 Be6 41. Rb8+ Bc8 42. Qc5 Qxc5 43. dxc5 1-0